| 000 | 00878nam a2200241 i 4500 | ||
|---|---|---|---|
| 001 | 189044 | ||
| 003 | SpMaBN | ||
| 005 | 20260114063026.0 | ||
| 008 | 190325s1989 sp a |||| |deng d | ||
| 020 | _a84-85041-22-4 | ||
| 080 | _a75:069(460.27 M.)(036) | ||
| 100 | 1 |
_aBuendía, José Rogelio, _d1928- _932366 |
|
| 245 | 1 | 2 |
_aA basic guide to the Prado / _cJ. Rogelio Buendia ; photography, Eleonor Dominguez ; [translated by Patricia Parrent]. |
| 260 |
_a[Madrid] : _bSilex, _c[1989] |
||
| 300 |
_a293 p. : _bil. col. y n., plan. ; _c23 cm. |
||
| 500 | _aGlosario. | ||
| 500 | _aÍndices. | ||
| 610 | 2 | 7 |
_aMuseo Nacional del Prado- _vGuías turísticas. _9166678 |
| 700 | 1 |
_aDomínguez, Eleonor. _945159 |
|
| 852 |
_aES-MaACL _jA-14433 _9196181 _bR.151836 _cDEPO1 _dOlim: N-7433 _hDonación: José Lázaro |
||
| 942 |
_2udc _cMONOGRAFIA |
||
| 999 |
_c189044 _d189044 |
||